Obchodné vzťahy Slovenskej republiky s Ukrajinou, aktuálny stav

Úroveň politického dialógu medzi Slovenskou republikou a Ukrajinou po spoločenských zmenách, ktoré priniesla Oranžová revolúcia. Zmluvno-právna báza dvojstranných vzťahov. Obchodno-ekonomická spolupráca. Štatistické údaje o zahraničnom obchode medzi Ukrajinou a SR za rok 2005.

Salvato in:
Dettagli Bibliografici
Autore principale: Oleksik, Ivan
Natura: Capitolo di libro
Lingua:slovacco
Soggetti:
Tags: Aggiungi Tag
Nessun Tag, puoi essere il primo ad aggiungerne!!

MARC

LEADER 00000naa$a2200000$$$4500
001 0051359
005 20240502071611.6
041 0 |a slo 
044 |a SK 
245 1 0 |a Obchodné vzťahy Slovenskej republiky s Ukrajinou, aktuálny stav  |c Ivan Oleksik 
520 |a Úroveň politického dialógu medzi Slovenskou republikou a Ukrajinou po spoločenských zmenách, ktoré priniesla Oranžová revolúcia. Zmluvno-právna báza dvojstranných vzťahov. Obchodno-ekonomická spolupráca. Štatistické údaje o zahraničnom obchode medzi Ukrajinou a SR za rok 2005. 
610 2 0 |a obchod zahraničný 
610 2 0 |a dovoz 
610 2 0 |a vývoz 
610 2 0 |a spolupráca medzinárodná 
610 2 0 |a dohody medzinárodné 
610 2 0 |a odvetvia priemyselné 
610 2 0 |a komodity 
610 2 0 |a Ukrajina 
610 2 0 |a Slovensko 
100 1 |a Oleksik, Ivan